| 000 | 01149cam a2200229 4500 | ||
|---|---|---|---|
| 001 | WB4017-20 | ||
| 008 | 040506n2004 000 0 eng u | ||
| 035 | _a(Sirsi) u126115 | ||
| 245 | _aScottish Nature Conservation Bill approved | ||
| 260 | _c2004 | ||
| 490 |
_aScottish Executive News Release _v(SEEN851/2004) 5 May 2004 (2) |
||
| 520 | _aThe Scottish Parliament has approved the Nature Conservation (Scotland) Bill 2004. The Bill introduces a general biodiversity duty which will apply to all Scotland's public bodies. It will also improve protection for Scotland's important Sites of Special Scientific Interest. It builds on the Criminal Justice (Scotland) Act 2003, to help combat wildlife crime. Copies of the Bill are available to download from http://www.scottish.parliament.uk/. http://www.scotland.gov.uk/pages/news/2004/05/SEEN 851.aspx | ||
| 590 | _aWB | ||
| 590 | _aWB | ||
| 650 | _aNATURE CONSERVATION (SCOTLAND) ACT 2004 | ||
| 650 | _aSCOTLAND | ||
| 650 | _aSITES OF SPECIAL SCIENTIFIC INTEREST | ||
| 650 | _aCRIMINAL JUSTICE (SCOTLAND) ACT 2003 | ||
| 650 | _aWILDLIFE CRIME | ||
| 690 |
_aRURAL _96268 |
||
| 942 | _n0 | ||
| 999 |
_c117304 _d117304 |
||